Les présents des passés douloureux : musées d'histoire et configurations mémorielles : essais de muséohistoire /

Saved in:
Bibliographic Details
Other Authors: Rousseau, Frédéric, (Editor)
Format: Book
Language:French
Published: Paris : Michel Houdiard éditeur, [2012]
Series:Collection L'atelier des sciences humaines et sociales ; v. 4.
Subjects:
Tags: Add Tag
No Tags, Be the first to tag this record!
LEADER 01618cam a2200457 i 4500
001 014199525-4
005 20141002145125.0
008 121231s2012 fr bf b 000 0 fre
010 |a  2013361590 
020 |a 9782356920799 
020 |a 235692079X 
035 0 |a ocn827478261 
040 |a DLC  |b eng  |e rda  |c DLC  |d TZT  |d OCLCO  |d OCLCF  |d AUXAM  |d OCLCQ  |d OCLCO 
042 |a pcc 
050 0 0 |a D2.5  |b .P75 2012 
082 1 4 |a 900 
245 0 4 |a Les présents des passés douloureux :  |b musées d'histoire et configurations mémorielles : essais de muséohistoire /  |c sous la direction de Frédéric Rousseau. 
246 3 |a Essais de muséohistoire 
264 1 |a Paris :  |b Michel Houdiard éditeur,  |c [2012] 
300 |a 386 pages, 1 leaf of plates :  |b color map ;  |c 24 cm. 
336 |a text  |b txt  |2 rdacontent 
337 |a unmediated  |b n  |2 rdamedia 
338 |a volume  |b nc  |2 rdacarrier 
490 1 |a L'atelier des sciences humaines et sociales ;  |v 4 
504 |a Includes bibliographical references. 
500 |a "Bibliographie des auteurs": pages 379-386. 
650 0 |a Historical museums. 
650 0 |a Collective memory. 
650 0 |a Memorialization. 
650 0 |a Memorials. 
650 7 |a Collective memory.  |2 fast 
650 7 |a Historical museums.  |2 fast 
650 7 |a Memorialization.  |2 fast 
650 7 |a Memorials.  |2 fast 
653 |a Historical museums  |a Memorialization 
700 1 |a Rousseau, Frédéric,  |e editor. 
700 1 |a Rousseau, Frédéric,  |e editor. 
830 0 |a Collection L'atelier des sciences humaines et sociales ;  |v v. 4. 
899 |a 415_565332 
988 |a 20141002 
906 |0 DLC